|
|
|
|
| LEADER |
00000nam0a2200000 4500 |
| 001 |
208202 |
| 005 |
20231101225440.0 |
| 010 |
|
|
|a 5080011815
|
| 020 |
|
|
|a RU
|b 88-112024
|
| 035 |
|
|
|a (RuTPU)RU\TPU\book\227271
|
| 090 |
|
|
|a 208202
|
| 100 |
|
|
|a 20120201d1988 e y0rusy5003 ca
|
| 101 |
1 |
|
|a rus
|c dan
|
| 102 |
|
|
|a RU
|
| 105 |
|
|
|a a z 000yy
|
| 200 |
1 |
|
|a Мир глазами художника
|f Х. Бидструп
|g сост. и пер. М. Косов
|
| 210 |
|
|
|a Москва
|c Детская литература
|d 1988
|
| 215 |
|
|
|a 127 с.
|c в основном ил.
|
| 330 |
|
|
|a Книга публицистических рисунков, возникших в результате поездок художника по странам мира.
|
| 606 |
1 |
|
|a Карикатура
|2 stltpush
|3 (RuTPU)RU\TPU\subj\13873
|9 40414
|
| 610 |
1 |
|
|a альбомы
|
| 610 |
1 |
|
|a карикатуры
|
| 610 |
1 |
|
|a рисунки
|
| 675 |
|
|
|a 741.5(084)
|v 3
|
| 700 |
|
1 |
|a Бидструп
|b Х.
|g Херлуф
|4 070
|
| 702 |
|
1 |
|a Косов
|b М.
|4 220
|
| 702 |
|
1 |
|a Косов
|b М.
|4 730
|
| 801 |
|
0 |
|a RU
|b RuMRKP
|c 19950417
|g psbo
|
| 801 |
|
1 |
|a RU
|b 63413507
|c 20120201
|
| 801 |
|
2 |
|a RU
|b 63413507
|c 20220118
|g RCR
|
| 942 |
|
|
|c BK
|